000 00508nam a2200169Ia 4500
008 180921t2018 xxu||||| |||| 00| 0 sin d
041 _asin
080 _a92 බ
_bබාලසූ
100 _aබාලසූරිය, කුමාරදාස
245 _aපිදෙල් කස්ත්‍රෝ
246 _aPidel Kasthro
260 _bදයාවංශ
_aකොළඹ
_c2018
300 _bපි.192, සෙ.මි.21
942 _cBK
999 _c6832
_d6832
003 LK-CoDNM
040 _aLK-CoDNM
_dLK-CoDNM
_eLK-CoDNM